Giáo trình những quy định chung về luật dân sự
Trình bày những quy định chung về luật dân sự Việt Nam; đối tượng điều chỉnh và phương pháp điều chỉnh; nhiệm vụ, nguyên tắc cơ bản và nguồn của Luật Dân sự Việt Nam; quan hệ pháp luật dân sự; cá nhân - chủ thể quan hệ pháp luật; phá...
Spremljeno u:
| Glavni autor: | |
|---|---|
| Daljnji autori: | , , |
| Format: | Knjiga |
| Jezik: | Vietnamese |
| Izdano: |
H.
Hồng Đức ; Hội Luật gia Việt Nam
2020
|
| Izdanje: | Tái bản lần 1, có sửa chữa, bổ sung |
| Teme: | |
| Oznake: |
Dodaj oznaku
Bez oznaka, Budi prvi tko označuje ovaj zapis!
|
| Thư viện lưu trữ: | Thư viện Trường Đại học Nam Cần Thơ |
|---|
| LEADER | 03248nam a22003737a 4500 | ||
|---|---|---|---|
| 001 | NCT_88947 | ||
| 008 | 171128b xxu||||| |||| 00| 0 vie d | ||
| 999 | |c 4385 |d 4385 | ||
| 020 | |c 77000 |a 9786048900373 | ||
| 082 | 0 | 4 | |2 23rd ed. |a 346.597 |b Đ103 |
| 100 | 1 | |a Chế Mỹ Phương Đài |e Chủ biên | |
| 245 | 0 | 0 | |a Giáo trình những quy định chung về luật dân sự |c Chế Mỹ Phương Đài, Nguyễn Xuân Quang (Chủ biên) ; Lê Minh Hùng, Nguyễn Hồ Bích Hằng,...[et al.] |
| 250 | |a Tái bản lần 1, có sửa chữa, bổ sung | ||
| 260 | |a H. |b Hồng Đức ; Hội Luật gia Việt Nam |c 2020 | ||
| 300 | |a 406 tr. |c 21cm | ||
| 500 | |a ĐTTS ghi: Trường đại học Luật Tp. Hồ Chí Minh | ||
| 520 | 3 | |a Trình bày những quy định chung về luật dân sự Việt Nam; đối tượng điều chỉnh và phương pháp điều chỉnh; nhiệm vụ, nguyên tắc cơ bản và nguồn của Luật Dân sự Việt Nam; quan hệ pháp luật dân sự; cá nhân - chủ thể quan hệ pháp luật; pháp nhân - chủ thể của quan hệ pháp luật dân sự; tổ hợp tác, hộ gia đình - chủ thể của quan hệ pháp luật dân sự; đại diện; thời hạn, thời hiệu... | |
| 653 | |a Luật học | ||
| 655 | 7 | |a Giáo trình | |
| 700 | 1 | |a Lê Minh Hùng | |
| 700 | 1 | |a Nguyễn Xuân Quang |e Chủ biên | |
| 700 | 1 | |a Nguyễn Hồ Bích Hằng | |
| 942 | |2 ddc |c BK | ||
| 952 | |0 0 |1 0 |2 ddc |4 0 |6 346_597000000000000_Đ103 |7 0 |9 21112 |a 000001 |b 000001 |d 2021-04-04 |o 346.597 Đ103 |p MD.18370 |r 2021-04-04 |v 77000.00 |w 2021-04-04 |y BK | ||
| 952 | |0 0 |1 0 |2 ddc |4 0 |6 346_597000000000000_Đ103 |7 0 |9 21113 |a 000001 |b 000001 |d 2021-04-04 |o 346.597 Đ103 |p MD.18371 |r 2021-04-04 |v 77000.00 |w 2021-04-04 |y BK | ||
| 952 | |0 0 |1 0 |2 ddc |4 0 |6 346_597000000000000_Đ103 |7 0 |9 21114 |a 000001 |b 000001 |d 2021-04-04 |o 346.597 Đ103 |p MD.18372 |r 2021-04-04 |v 77000.00 |w 2021-04-04 |y BK | ||
| 952 | |0 0 |1 0 |2 ddc |4 0 |6 346_597000000000000_Đ103 |7 0 |9 21115 |a 000001 |b 000001 |d 2021-04-04 |o 346.597 Đ103 |p MD.18373 |r 2021-04-04 |v 77000.00 |w 2021-04-04 |y BK | ||
| 952 | |0 0 |1 0 |2 ddc |4 0 |6 346_597000000000000_Đ103 |7 0 |9 21116 |a 000001 |b 000001 |d 2021-04-04 |o 346.597 Đ103 |p MD.18374 |r 2021-04-04 |v 77000.00 |w 2021-04-04 |y BK | ||
| 952 | |0 0 |1 0 |2 ddc |4 0 |6 346_597000000000000_Đ103 |7 0 |9 21117 |a 000001 |b 000001 |d 2021-04-04 |o 346.597 Đ103 |p MD.18375 |r 2021-04-04 |v 77000.00 |w 2021-04-04 |y BK | ||
| 952 | |0 0 |1 0 |2 ddc |4 0 |6 346_597000000000000_Đ103 |7 0 |9 21118 |a 000001 |b 000001 |d 2021-04-04 |o 346.597 Đ103 |p MD.18376 |r 2021-04-04 |v 77000.00 |w 2021-04-04 |y BK | ||
| 952 | |0 0 |1 0 |2 ddc |4 0 |6 346_597000000000000_Đ103 |7 0 |9 21119 |a 000001 |b 000001 |d 2021-04-04 |o 346.597 Đ103 |p MD.18377 |r 2021-04-04 |v 77000.00 |w 2021-04-04 |y BK | ||
| 952 | |0 0 |1 0 |2 ddc |4 0 |6 346_597000000000000_Đ103 |7 0 |9 21120 |a 000001 |b 000001 |d 2021-04-04 |o 346.597 Đ103 |p MD.18378 |r 2021-04-04 |v 77000.00 |w 2021-04-04 |y BK | ||
| 952 | |0 0 |1 0 |2 ddc |4 0 |6 346_597000000000000_Đ103 |7 0 |9 21121 |a 000001 |b 000001 |d 2021-04-04 |o 346.597 Đ103 |p MD.18379 |r 2021-04-04 |v 77000.00 |w 2021-04-04 |y BK | ||
| 980 | |a Thư viện Trường Đại học Nam Cần Thơ | ||


